| 000 | 00771nam a2200229Ii 4500 | ||
|---|---|---|---|
| 003 | JO-AjNU | ||
| 008 | 230605s9999||||xx |||||||||||||| ||und|| | ||
| 017 | _a4728/9/2019 | ||
| 020 | _a978-9923-16-057-2 | ||
| 040 |
_aJO-AjNU _bara _erda _cJO-AjNU |
||
| 041 | _aara | ||
| 050 | 1 | 4 | _aPJ7541.2022 |
| 100 | 3 |
_aعبد الله، براء حسن, _eauthor _963005 |
|
| 245 | 0 | 0 | _aمظاهر المواطنة في الشعر الجاهلي |
| 250 | _aط1 | ||
| 264 | 3 | 1 | _aعمان: دار الابتكار للنشر والتوزيع، 2022 |
| 300 | _a206ص | ||
| 336 |
_atext _btxt _2rdacontent |
||
| 337 |
_aunmediated _bn _2rdamedia |
||
| 338 |
_avolume _bnc _2rdacarrier |
||
| 650 | 4 |
_aالشعر العربي-النقد العربي-العصر الجاهلي _963006 |
|
| 999 |
_aA28557 _c32125 _d32125 |
||